L’Italie en 50 images - Statistiques

Statistiques générales
  • Ce quiz a été pris 251 fois
  • Le résultat moyen est 34 sur 50
Statistiques - réponses
Par images Hint Réponse % Correct
Plat Pizza
100%
Ville Venise
100%
Marque de voiture Ferrari
97%
Monument Colisée
96%
Marque de pâte à tartiner Nutella
96%
Sauce Sauce bolognaise
96%
Monument Tour de Pise
95%
Fromage Parmesan
94%
Type de pâtes Spaghetti
94%
Empire Empire romain
93%
Ville Milan
93%
Tableau La Joconde
92%
Artiste Léonard de Vinci
90%
Île Sardaigne
90%
Club de football Juventus de Turin
87%
Île Sicile
87%
Marque de scooters Vespa
85%
Fontaine Fontaine de Trevi
83%
Ville Naples
83%
Général Jules César
82%
Boisson Aperol
81%
Volcan Etna
81%
Marque Gucci
81%
Type de pâtes Pâtes à la carbonara
81%
Café Expresso
80%
Ville Florence
80%
Marque de voiture Lamborghini
76%
Cité antique Pompéi
76%
Équipementier sportif Kappa
71%
Plat Risotto
71%
Lac Lac de Côme
69%
Ville Turin
66%
Région Lombardie
56%
Homme d’affaires Silvio Berlusconi
54%
Présidente du Conseil des ministres Giorgia Meloni
52%
Place Place Saint-Marc
45%
Compositeur de musique Antonio Vivaldi
44%
Société (fournisseur d’énergie) Eni
39%
Ville Gênes
37%
Explorateur Marco Polo
37%
Chanson Sarà perché ti amo
36%
Artiste Michel-Ange
35%
Région touristique Cinque Terre
33%
Région Latium
31%
Cathédrale Duomo de Milan
30%
Acteur Roberto Benigni
30%
Pont Pont du Rialto
25%
Un des « pères de la patrie » italienne Giuseppe Garibaldi
23%
Station balnéaire Rimini
16%
Chanteur Toto Cutugno
10%
Aucun quiz correspondant
Distribution des résultats
% des personnes avec chaque résultat
Percentile par nombre de réponses
Votre historique - résultats
Vous n’avez pas pris ce quiz